Мифология. Фольклор. Литература: учебное пособие
| Hlavní autor: | |
|---|---|
| Korporativní autor: | |
| Další autoři: | , |
| Shrnutí: | Заглавие с титульного экрана Учебное пособие знакомит иностранных учащихся с основными вехами литературного процесса в России вплоть до XIX века, а также основами теории литературы. Предлагаемое учебное издание соответствует "Требованиям к минимуму содержания и уровню подготовки выпускников факультетов и отделений педвузовского обучения иностранных граждан (отраслевого стандарта)" и адресовано слушателям гуманитарного направления подготовительного отделения (уровень А1, А2), а также иностранным студентам, изучающим русскую литературу по программам академической мобильности (уровень А2, В1). Режим доступа: из корпоративной сети ТПУ |
| Jazyk: | ruština |
| Vydáno: |
Томск, Изд-во ТПУ, 2015
|
| Vydání: | 2-е изд., испр. и доп. |
| Témata: | |
| On-line přístup: | http://www.lib.tpu.ru/fulltext2/m/2015/m223.pdf |
| Médium: | MixedMaterials Elektronický zdroj Kniha |
| KOHA link: | https://koha.lib.tpu.ru/cgi-bin/koha/opac-detail.pl?biblionumber=297395 |
MARC
| LEADER | 00000nlm0a2200000 4500 | ||
|---|---|---|---|
| 001 | 297395 | ||
| 005 | 20250529161758.0 | ||
| 035 | |a (RuTPU)RU\TPU\book\322528 | ||
| 035 | |a RU\TPU\book\223383 | ||
| 090 | |a 297395 | ||
| 100 | |a 20150608d2015 m y0rusy50 ca | ||
| 101 | 0 | |a rus | |
| 102 | |a RU | ||
| 105 | |a a j 001zy | ||
| 135 | |a drcn ---uucaa | ||
| 181 | 0 | |a i | |
| 182 | 0 | |a b | |
| 200 | 1 | |a Мифология. Фольклор. Литература |e учебное пособие |f Е. В. Замятина, Д. Н. Володина, А. Е. Параева |g Национальный исследовательский Томский политехнический университет (ТПУ) | |
| 203 | |a Текст |c электронный | ||
| 205 | |a 2-е изд., испр. и доп. | ||
| 210 | |a Томск |d 2015 |c Изд-во ТПУ | ||
| 300 | |a Заглавие с титульного экрана | ||
| 330 | |a Учебное пособие знакомит иностранных учащихся с основными вехами литературного процесса в России вплоть до XIX века, а также основами теории литературы. Предлагаемое учебное издание соответствует "Требованиям к минимуму содержания и уровню подготовки выпускников факультетов и отделений педвузовского обучения иностранных граждан (отраслевого стандарта)" и адресовано слушателям гуманитарного направления подготовительного отделения (уровень А1, А2), а также иностранным студентам, изучающим русскую литературу по программам академической мобильности (уровень А2, В1). | ||
| 333 | |a Режим доступа: из корпоративной сети ТПУ | ||
| 337 | |a Adobe Reader | ||
| 606 | 1 | |a Русский язык |x Для других народов |x Учебные руководства и пособия |2 stltpush |3 (RuTPU)RU\TPU\subj\26400 |9 50340 | |
| 610 | 1 | |a учебные пособия | |
| 610 | 1 | |a электронный ресурс | |
| 610 | 1 | |a мифология | |
| 610 | 1 | |a фольклор | |
| 610 | 1 | |a литература | |
| 610 | 1 | |a Россия | |
| 610 | 1 | |a иностранные граждане | |
| 610 | 1 | |a народное творчество | |
| 610 | 1 | |a труды учёных ТПУ | |
| 686 | |a Ш141.2-96 |2 rubbk | ||
| 700 | 1 | |a Замятина |b Е. В. |c лингвист |c доцент Томского политехнического университета, кандидат филологических наук |f 1981- |g Елена Викторовна |3 (RuTPU)RU\TPU\pers\29012 |9 13732 | |
| 701 | 1 | |a Володина |b Д. Н. |c лингвист |c доцент Томского политехнического университета, кандидат филологических наук |f 1982- |g Дарья Николаевна |3 (RuTPU)RU\TPU\pers\29013 |9 13733 | |
| 701 | 1 | |a Параева |b А. Е. |c лингвист |c доцент Томского политехнического университета, кандидат филологических наук |f 1983- |g Анастасия Евгеньевна |3 (RuTPU)RU\TPU\pers\31608 |9 15766 | |
| 712 | 0 | 2 | |a Национальный исследовательский Томский политехнический университет |c (2009- ) |9 26305 |
| 801 | 1 | |a RU |b 63413507 |c 20101213 | |
| 801 | 2 | |a RU |b 63413507 |c 20160615 |g RCR | |
| 850 | |a 63413507 | ||
| 856 | 4 | |u http://www.lib.tpu.ru/fulltext2/m/2015/m223.pdf | |
| 942 | |c CF | ||